<?xml version="1.0" encoding="UTF-8"?>
<record
    xmlns:xsi="http://www.w3.org/2001/XMLSchema-instance"
    xsi:schemaLocation="http://www.loc.gov/MARC21/slim http://www.loc.gov/standards/marcxml/schema/MARC21slim.xsd"
    xmlns="http://www.loc.gov/MARC21/slim">

  <leader>04153nam a2200541Ia 4500</leader>
  <controlfield tag="001">1559</controlfield>
  <controlfield tag="008">241029s9999    xx            000 0 und d</controlfield>
  <datafield tag="010" ind1=" " ind2=" ">
    <subfield code="a">1455</subfield>
  </datafield>
  <datafield tag="041" ind1=" " ind2=" ">
    <subfield code="a">Espa&#xF1;ol</subfield>
  </datafield>
  <datafield tag="082" ind1=" " ind2=" ">
    <subfield code="a">MAED 2000-12</subfield>
  </datafield>
  <datafield tag="245" ind1=" " ind2="0">
    <subfield code="a">Descripci&#xF3;n de la metodolog&#xED;a usada en la ense&#xF1;anza de la Historia y la Geograf&#xED;a y su incidencia en el rendimiento acad&#xE9;mico en los Liceos Braulio Paulino, (Matutino) y Tamboril (Nocturno) del Municipio de Tamboril, durante los a&#xF1;os lectivos 1998-1999-2000.</subfield>
  </datafield>
  <datafield tag="260" ind1=" " ind2=" ">
    <subfield code="a">Santiago</subfield>
  </datafield>
  <datafield tag="300" ind1=" " ind2=" ">
    <subfield code="a">94</subfield>
  </datafield>
  <datafield tag="520" ind1=" " ind2=" ">
    <subfield code="a">36</subfield>
  </datafield>
  <datafield tag="630" ind1=" " ind2=" ">
    <subfield code="a">Ense&#xF1;anza</subfield>
  </datafield>
  <datafield tag="630" ind1=" " ind2=" ">
    <subfield code="a">Historia</subfield>
  </datafield>
  <datafield tag="630" ind1=" " ind2=" ">
    <subfield code="a">Redimiento acad&#xE9;mico</subfield>
  </datafield>
  <datafield tag="650" ind1=" " ind2=" ">
    <subfield code="a">Administraci&#xF3;n de la Educaci&#xF3;n</subfield>
  </datafield>
  <datafield tag="690" ind1=" " ind2=" ">
    <subfield code="a">Sintetizado</subfield>
  </datafield>
  <datafield tag="700" ind1=" " ind2=" ">
    <subfield code="e">asesor</subfield>
    <subfield code="a">No, Aplica</subfield>
  </datafield>
  <datafield tag="700" ind1=" " ind2=" ">
    <subfield code="e">autor</subfield>
    <subfield code="a">Corpor&#xE1;n Taveras, Ernesto Antonio</subfield>
  </datafield>
  <datafield tag="901" ind1=" " ind2=" ">
    <subfield code="a">{"1":"Corpor&#xE1;n Taveras"}</subfield>
    <subfield code="b">{"1":"Ernesto Antonio"}</subfield>
  </datafield>
  <datafield tag="902" ind1=" " ind2=" ">
    <subfield code="a">1</subfield>
  </datafield>
  <datafield tag="903" ind1=" " ind2=" ">
    <subfield code="a">{"1":"No"}</subfield>
    <subfield code="b">{"1":"Aplica"}</subfield>
  </datafield>
  <datafield tag="904" ind1=" " ind2=" ">
    <subfield code="a">Maestr&#xED;a en</subfield>
  </datafield>
  <datafield tag="905" ind1=" " ind2=" ">
    <subfield code="a">Administraci&#xF3;n de la Educaci&#xF3;n</subfield>
  </datafield>
  <datafield tag="906" ind1=" " ind2=" ">
    <subfield code="a">2</subfield>
  </datafield>
  <datafield tag="907" ind1=" " ind2=" ">
    <subfield code="a">NO APLICA</subfield>
  </datafield>
  <datafield tag="908" ind1=" " ind2=" ">
    <subfield code="a">NO APLICA</subfield>
  </datafield>
  <datafield tag="909" ind1=" " ind2=" ">
    <subfield code="a">Pontificia Universidad Cat&#xF3;lica Madre y Maestra (PUCMM), Recinto Santiago</subfield>
  </datafield>
  <datafield tag="910" ind1=" " ind2=" ">
    <subfield code="a">NULL</subfield>
    <subfield code="b">NULL</subfield>
  </datafield>
  <datafield tag="911" ind1=" " ind2=" ">
    <subfield code="a">["1"]</subfield>
  </datafield>
  <datafield tag="912" ind1=" " ind2=" ">
    <subfield code="a">NO APLICA</subfield>
  </datafield>
  <datafield tag="913" ind1=" " ind2=" ">
    <subfield code="a">NULL</subfield>
  </datafield>
  <datafield tag="914" ind1=" " ind2=" ">
    <subfield code="a">10 de Enero de 2000</subfield>
  </datafield>
  <datafield tag="915" ind1=" " ind2=" ">
    <subfield code="a">28/11/19 12:11</subfield>
  </datafield>
  <datafield tag="916" ind1=" " ind2=" ">
    <subfield code="a">NULL</subfield>
  </datafield>
  <datafield tag="917" ind1=" " ind2=" ">
    <subfield code="a">NULL</subfield>
  </datafield>
  <datafield tag="918" ind1=" " ind2=" ">
    <subfield code="a">NO APLICA</subfield>
  </datafield>
  <datafield tag="919" ind1=" " ind2=" ">
    <subfield code="a">["202","232","242"]</subfield>
  </datafield>
  <datafield tag="520" ind1=" " ind2=" ">
    <subfield code="a">El estudio es descriptivo-transeccional. Se aplic&#xF3; un cuestionario a los profesores y estudiantes de ambos Liceos. El cuestionario se aplic&#xF3; al universo completo de profesores. Para los estudiantes el universo poblacional fue seiscientos siete (607) para el Liceo Tamboril y trescientos cuarenta y nueve (349) para el Braulio Paulino, siendo la poblaci&#xF3;n total de novecientos cincuenta y seis (956) estudiantes. El cuestionario se aplic&#xF3; a ciento cincuenta y un (151) estudiantes del Braulio Paulino. En el Liceo Tamboril la muestra fue de ciento ochenta y cinco (185).Los hallazgos principales son los siguientes: los estudiantes del Braulio Paulino mostraron mayor inter&#xE9;s por las Ciencias Naturales (40%), mientras que los del Tamboril mostraron m&#xE1;s inter&#xE9;s por la Lengua Espa&#xF1;ola con un (34.6%). Sin embargo, en ambos Liceos los estudiantes mostraron igual inter&#xE9;s por las Ciencias Sociales con un (20.7%) del Braulio Paulino y 20.5% del Tamboril.En ambos Liceos los estudiantes consideran &#xFA;til los conocimientos de Historia y Geograf&#xED;a con un 94.6% en el Braulio Paulino y 98.4% en el Tamboril. El 57% de los estudiantes del Braulio Paulino consideran al profesor de Historia y Geograf&#xED;a muy bueno y el 65.2% del Tamboril tambi&#xE9;n lo consideran muy bueno; el 14.6% del Braulio Paulino y el 6.5% del Tamboril consideran al profesor de Historia y Geograf&#xED;a regular. El 85.9% del Braulio Paulino y el 91.9% del Tamboril consideran que los ejercicios pr&#xE1;cticos de estas asignaturas son muy buenos y bueno, un s&#xF3;lo estudiante en cada Liceo encontr&#xF3; deficiente los ejercicios.&#xA0;En cuanto a la metodolog&#xED;a planteada por el curr&#xED;culo, dos (2) profesores la encuentran muy buena, uno la encuentra buena y otro la considera regular. El 85.9% de los profesores del Braulino Paulino utilizan diferentes formas de ense&#xF1;ar ambas asignaturas y el 91.9% de los profesores del Tamboril nunca usan formas diferentes de ense&#xF1;ar dichas asignaturas. El 4% del Braulio Paulino y el 6.5% del Tamboril, nunca usan formas distintas de ense&#xF1;ar. La exposici&#xF3;n es muy usada por los profesores de Historia y Geograf&#xED;a as&#xED; lo confirman el 53% del Braulino Paulino. El 64.3% del Tamboril afirman que el cuestionario es muy usado por los profesores.En cuanto a ambos Liceos, el debate y la mesa redonda se usan pero muy poco en la docencia. En el Braulino Paulino se observa mayor uso de materiales did&#xE1;cticos de manera colectiva (61.6%). En el Tamboril los porcentajes est&#xE1;n distribuidos as&#xED;: 33% uso de mapa, 31.9% para los libros y 28.6% para los dem&#xE1;s recursos did&#xE1;cticos.</subfield>
  </datafield>
  <datafield tag="921" ind1=" " ind2=" ">
    <subfield code="a">11</subfield>
  </datafield>
  <datafield tag="922" ind1=" " ind2=" ">
    <subfield code="a">11</subfield>
  </datafield>
  <datafield tag="923" ind1=" " ind2=" ">
    <subfield code="a">0</subfield>
  </datafield>
  <datafield tag="924" ind1=" " ind2=" ">
    <subfield code="a">NO APLICA</subfield>
  </datafield>
  <datafield tag="942" ind1=" " ind2=" ">
    <subfield code="c">Tesis</subfield>
  </datafield>
  <datafield tag="999" ind1=" " ind2=" ">
    <subfield code="c">1455</subfield>
    <subfield code="d">1455</subfield>
  </datafield>
</record>
